000 00800cam a22002413a 4500
001 32043
003 PGUSA
005 20140828083708.0
008 100418s2010||||xxu|||||s|||||000 | eng d
040 _aPGUSA
_beng
042 _adc
050 4 _aE456
100 1 _aKniffin, G. C.
245 1 0 _aArmy of the Cumberland and the Battle of Stone's River
_h[electronic resource] /
_cG. C. Kniffin
260 _bProject Gutenberg,
_c2010
506 _aPublic domain in the USA.
516 _aElectronic text
653 _aStones River, Battle of, Murfreesboro, Tenn., 1862-1863
653 _aUnited States -- History -- Civil War, 1861-1865 -- Regimental histories -- Army of the Cumberland
830 0 _aProject Gutenberg
_v32043
856 4 0 _uhttp://www.gutenberg.org/ebooks/32043
942 _cEB
999 _c261298
_d261298